| 000 | 00000nas##2200000za#4500 |
| 001 | 9.508367 |
| 003 | CaOODSP |
| 005 | 20250910142444 |
| 007 | ta |
| 008 | 150406c2000||||xxc|| p #||||f| |0fre|d |
| 022 | |a1480-9826 |
| 040 | |aCaOODSP|bfre |
| 041 | |aeng |
| 041 | |afre |
| 043 | |an-cn--- |
| 086 | 1 |aD12-9 |
| 110 | 1 |aCanada. |bMinistère de la défense nationale. |
| 245 | 13|aLe bulletin de doctrine et d'instruction de l'Armée de terre |
| 260 | |aOttawa - Ontario : |bDéfense nationale |
| 310 | |aTrimestriel |
| 362 | 1 |aVol. 1, No. 1, August 1998--Vol. 6, No. 3, Fall/Winter, 2003 |
| 500 | |aSuivi de: Le journal de l'Armée du Canada. |
| 546 | |aBilingue |
| 563 | |aCouverture souple |
| 691 | 07|aArmée|2gcpds |
| 691 | 07|aÉthique|2gcpds |
| 691 | 07|aFormation professionnelle|2gcpds |
| 776 | 0#|tLe bulletin de doctrine et d'instruction de l'Armée de terre |w(CaOODSP)9.501551 |
| 776 | 0#|tThe Army doctrine and training bulletin |w(CaOODSP)9.505152 |
| 791 | |tThe Army doctrine and training bulletin |eeng|w(CaOODSP)9.508366 |